Internal combustion engines (Record no. 24482)

000 -LEADER
fixed length control field 00576nam a22002051 4500
001 - CONTROL NUMBER
control field 24482
003 - CONTROL NUMBER IDENTIFIER
control field BD-DhUET
008 - FIXED-LENGTH DATA ELEMENTS--GENERAL INFORMATION
fixed length control field 681231s1968 paua b 001 0 eng
040 ## - CATALOGING SOURCE
Original cataloging agency DLC
Transcribing agency DLC
Modifying agency BD-DhUET
082 00 - DEWEY DECIMAL CLASSIFICATION NUMBER
Classification number 621.43
Item number OBE/1968
100 ## - MAIN ENTRY--PERSONAL NAME
Personal name Obert, Edward F.
245 10 - TITLE STATEMENT
Title Internal combustion engines
250 ## - EDITION STATEMENT
Edition statement 3rd ed.
260 ## - PUBLICATION, DISTRIBUTION, ETC. (IMPRINT)
Place of publication, distribution, etc. Scranton
Name of publisher, distributor, etc. International Textbook
Date of publication, distribution, etc. 1968
300 ## - PHYSICAL DESCRIPTION
Extent xiii, 736p.
Other physical details illus
490 0# - SERIES STATEMENT
Series statement International textbooks in mechanical engineering
504 ## - BIBLIOGRAPHY, ETC. NOTE
Bibliography, etc Includes bibliographies
650 #0 - SUBJECT ADDED ENTRY--TOPICAL TERM
Topical term or geographic name as entry element Internal combustion engines
942 ## - ADDED ENTRY ELEMENTS (KOHA)
Koha item type General Book
Holdings
Price effective from Location (home branch) Withdrawn status Koha issues (times borrowed) Koha normalized classification for sorting Koha item type Not for loan Koha full call number Shelving location Source of classification or shelving scheme Piece designation (barcode) Koha date last borrowed Copy number Damaged status Date acquired Sublocation or collection (holding branch) Koha date last seen Lost status
2015-05-09Central Library, BUET 2621_430000000000000_OBE_1968General Book 621.43/OBE/1968Circulation section 190632019-09-281 2015-05-09Central Library, BUET2019-11-18 
2015-06-16Central Library, BUET  621_430000000000000_OBE_1968General Book 621.43/OBE/1968Reading section 32007 2 2015-06-16Central Library, BUET2015-06-16 
2015-06-16Central Library, BUET  621_430000000000000_OBE_1968Reading Item 621.43/OBE/1968Reading section 40437 3 2015-06-16Central Library, BUET2015-06-16 
2015-06-23Central Library, BUET  621_430000000000000_OBE_1968Reading Item 621.43/OBE/1968Reading section 19060 4 2015-06-23Central Library, BUET2015-06-23 
2015-07-03Central Library, BUET  621_430000000000000_OBE_1968Reading Item 621.43/OBE/1968Reading section 32117 5 2015-07-03Central Library, BUET2015-07-03